000 00997 a2200229 4500
001 41182
005 20260407155705.0
008 260407a2005 arg spa d
003 AR-UNSa-BCEJYS
040 _aAR-UNSa-BCEJYS
_bspa
_cAR-UNSa-BCEJYS
080 _a347.74
_xContratos mercantiles (comerciales...leasing))
245 1 0 _aContratos comerciales de uso actual
_pdoctrina - modelos
020 _a950-894-481-1
264 1 _aBuenos Aires :
_bAD-HOC
_c2005
300 _a176 p.
_c23 cm.
505 _a1. Palabras previas y advertencias - 2. Consideraciones elementales contractuales puras - 3. Consideraciones sobre la teoría general de la representación - 4. El contrato de agencia comercial - 5. El contrato de concesión privada - 6. El contrato de suministro
041 _aspa
942 _cBK
590 _aniveau_biblio:m niveau_hierar:0
100 1 _aDeppeler, Néstor R. (h.)
856 4 1 _uhttps://biblioeco.unsa.edu.ar/pmb/images/libros/L126411.jpg
_yImagen de portada
_qimage/jpeg
999 _c3402
_d3402